Blue, Single-Starred Flags - Statistics

General Stats
  • This quiz has been taken 23 times
  • The average score is 3 of 12
Answer Stats
Picture Hint Answer % Correct
Country Somalia
96%
Navy rank Navy rear {admiral}
43%
Air Force rank Air Force brigadier {general}
39%
Country (naval jack) Chile
26%
Alt. Confederate flag {Bonnie} {Blue} flag
17%
Country (naval jack) Liberia
17%
Former country West Florida
17%
Country (former) Fiji
9%
Thai Air Force rank Thai Air Force {commodore}
9%
Brazilian municipality Nova Xavantina
4%
Maltese council (former) Qrendi
4%
Former Indian pol. party Swatantra Party
4%
No matching quizzes found
Score Distribution
Percent of People with Each Score
Percentile by Number Answered
Your Score History
You have not taken this quiz